Finančné časové rady, ich vlastnosti a predikcia bakalárska práca

Salvato in:
Dettagli Bibliografici
Autore principale: Mrázová, Lucia
Ente Autore: Národohospodárska fakulta EU. Katedra financií
Altri autori: Káčer, Marek, 1976-
Natura: Libro
Lingua:slovacco
Pubblicazione: Bratislava 2018
Tags: Aggiungi Tag
Nessun Tag, puoi essere il primo ad aggiungerne!!

MARC

LEADER 00000nbm a2200000 4500
001 0245950
005 20181214112721.1
041 0 |a slo 
044 |a SK 
245 1 0 |a Finančné časové rady, ich vlastnosti a predikcia  |b bakalárska práca  |c Lucia Mrázová ; školiteľ: Marek Káčer 
264 1 |a Bratislava  |c 2018 
300 |a 54 s. 
100 1 |a Mrázová, Lucia 
700 1 |a Káčer, Marek, 1976- 
710 2 |a Národohospodárska fakulta EU. Katedra financií